000 00286nam a22001217a 4500
008 181107b xxu||||| |||| 00| 0 eng d
041 _aeng
080 _27 th
_a341
100 _a15
101 _ajur
245 _aSecurities Regulation Cases And Materials
_cCox,M
942 _2udc
_cBK
999 _c52132
_d52132